| 000 | 00325nam a22001337a 4500 | ||
|---|---|---|---|
| 020 | _qHB. | ||
| 040 | _cFIZZA ISHAQ | ||
| 082 |
_a333.91 _bNEI |
||
| 100 |
_aNEIL S.GRIGG. _990689 |
||
| 245 |
_aINTEGRATION WATER RESOURCE MANAGEMENT / _cGRIGG S. NEIL. |
||
| 260 |
_aNEW YORK ; _c2016. |
||
| 300 | _a497 P. ; | ||
| 942 |
_2ddc _cBK |
||
| 999 |
_c588896 _d588896 |
||